| 000 | 01169nam a22001937a 4500 | ||
|---|---|---|---|
| 003 | JO-AjAnu | ||
| 005 | 20240605120420.0 | ||
| 008 | 240415b jo ||||| |||| 00| 0 ara d | ||
| 040 |
_aJO-AjAnu _bara _cJO-AjAnu |
||
| 041 | 0 | _aara | |
| 100 | 1 |
_aالزغول، صلاح الدين محمود مصلح _eمعد _965364 |
|
| 245 | 1 | 0 |
_aأثر مشاركة العاملين في اتخاذ القرارات على تحسين الخدمات المقدمة للعملاء في المصارف الاسلامية الاردنية = The Impact of Employees Participation Approach on Improving Customer Services Jordanian Islamic Banks / _cاعداد صلاح الدين محمود مصلح الزغول ؛ اشراف محي الدين يعقوب ابو الهول |
| 260 | _c2023 | ||
| 300 | _a111 ورقة | ||
| 500 | _aرسالة جامعية ( رسالة ماجستير في المصارف الاسلامية ) - جامعة عجلون الوطنية ( عجلون، الاردن)، كلية الاعمال، 2023. | ||
| 650 | 7 | 0 |
_aالبنوك الاسلامية _965365 |
| 700 | 1 |
_aابو الهول، محي الدين يعقوب _964950 _eمشرف |
|
| 942 |
_2lcc _cTHS _n0 |
||
| 999 |
_c33454 _d33454 |
||